African Business

Detalles Bibliográficos
Formato: eBook
Lenguaje:inglés
Publicado: Reino Unido IC Publications Ltd. 1994 - 2015
Materias:
Acceso en línea:Acceso restringido

MARC

LEADER 00000nam a22000007a 4500
005 2015110909559.0
007 cr|||| ||u|
008 151109s19942015-uk||||os|||| 0||| 1eng d
022 |a  0141-3929  
035 |a 2845 
040 |a vLex 
090 |c 5679  |d 5679 
245 1 0 |a African Business  |h [Recurso electrn̤ico] /  |c IC Publications Ltd.  
256 |a Servicio en ln̕ea  
260 |a Reino Unido  |b IC Publications Ltd.   |c 1994 - 2015 
300 |a 1 recurso electrn̤ico  
500 |a The most influential pan-African business magazine African Business is the premier business magazine focusing on Africa. With over 140,000 readers across the continent and around the world, it is the ideal vehicle for reaching African consumers, governments and business people. The readers of African Business are well educated decision-makers, with a high standard of living and disposable income, who have the ultimate authority to influence business strategies in their companies. Most major companies and international firms working with or in Africa subscribe to African Business. It is required reading for any business operating in Africa or wanting to venture into the Continent. 
506 1 |a Contenido solo disponible en los productos indicados  |d vLex Global  |d vLex Global (Academic Edition, excluding Law Schools)  |d vLex Global (U.S. Academic Edition, Law Schools)  |d vLex Global (U.S. Academic Edition, excluding Law Schools)  |d vLex Global (Academic Edition, Law Schools) 
650 0 4 |a Negocios  |z Africa  
740 0 |a vLex revista (servicio en ln̕ea)  
856 4 0 |u http://vlex.com/source/african-business-2845  |z Acceso restringido  
942 |c REV 
999 0 |a Business